MARC details
| 000 -CABECERA |
| campo de control de longitud fija |
02595ngm a2200505 i 4500 |
| 001 - NÚMERO DE CONTROL |
| campo de control |
991061511069006706 |
| 003 - IDENTIFICADOR DEL NÚMERO DE CONTROL |
| campo de control |
ES-BaIT |
| 005 - FECHA Y HORA DE LA ÚLTIMA TRANSACCIÓN |
| campo de control |
20251030103257.0 |
| 007 - CAMPO FIJO DE DESCRIPCIÓN FÍSICA--INFORMACIÓN GENERAL |
| campo de control de longitud fija |
vz#uuuuuu |
| 008 - DATOS DE LONGITUD FIJA--INFORMACIÓN GENERAL |
| campo de control de longitud fija |
251030s2016 xx 086 q vlger c |
| 024 3# - IDENTIFICADOR DE OTROS ESTÁNDARES |
| Número estándar o código |
4006448364373 |
| 040 ## - FUENTE DE LA CATALOGACIÓN |
| Centro catalogador/agencia de origen |
ES-BaIT |
| Lengua de catalogación |
cat |
| Normas de descripción |
rda |
| Centro/agencia transcriptor |
ES-BaIT |
| 041 0# - CÓDIGO DE LENGUA |
| Código de lengua del texto/banda sonora o título independiente |
ger |
| -- |
rus |
| 080 ## - NÚMERO DE LA CLASIFICACIÓN DECIMAL UNIVERSAL |
| Número de la Clasificación Decimal Universal |
793.4(086.8) |
| 245 00 - MENCIÓN DE TÍTULO |
| Título |
Bolschoi Babylon / |
| Mención de responsabilidad, etc. |
HBO documentary films present a Red Velvet Films; production in association with Red Box Films, Altitude Film Entertainment and BBC Storyville in co production with Bayerischer Rundfunk and Mitteldeutscher Rundfunk and Arte "Bolshoi Babylon" directed by: Nick Read,; produced and directed by: Mark Franchetti |
| 246 3# - FORMA VARIANTE DE TÍTULO |
| Texto de visualización |
Precedeix el títol en el contenidor: |
| Título propio/Titulo breve |
Skandal, Intrigen, Aufopferung, Schauspiel |
| 264 #1 - PRODUCCIÓN, PUBLICACIÓN, DISTRIBUCIÓN, FABRICACIÓN Y COPYRIGHT |
| Producción, publicación, distribución, fabricación y copyright |
[Lloc de publicació no identificat] : |
| Nombre del de productor, editor, distribuidor, fabricante |
Polyband, |
| Fecha de producción, publicación, distribución, fabricación o copyright |
[2016] |
| 264 #4 - PRODUCCIÓN, PUBLICACIÓN, DISTRIBUCIÓN, FABRICACIÓN Y COPYRIGHT |
| Fecha de producción, publicación, distribución, fabricación o copyright |
© 2016 |
| 300 ## - DESCRIPCIÓN FÍSICA |
| Extensión |
1 videodisc (83 min) : |
| Otras características físicas |
so, color ; |
| Dimensiones |
12 cm |
| 336 ## - TIPO DE CONTENIDO |
| Término de tipo de contenido |
imatge en moviment bidimensional |
| Código de tipo de contenido |
tdi |
| Fuente |
rdacontent |
| 337 ## - TIPO DE MEDIO |
| Nombre/término del tipo de medio |
vídeo |
| Código del tipo de medio |
v |
| Fuente |
rdamedia |
| 338 ## - TIPO DE SOPORTE |
| Nombre/término del tipo de soporte |
videodisc |
| Código del tipo de soporte |
vd |
| Fuente |
rdacarrier |
| 344 ## - CARACTERÍSTICAS DE SONIDO |
| Tipo de grabación |
digital |
| Fuente |
rdatr |
| 344 ## - CARACTERÍSTICAS DE SONIDO |
| Medio de grabación |
òptic |
| Fuente |
rdarm |
| 344 ## - CARACTERÍSTICAS DE SONIDO |
| Características especiales de reproducción |
dts-HD 5.1 |
| 347 ## - CARACTERÍSTICAS DEL ARCHIVO DIGITAL |
| Formato de codificación |
Blu-ray |
| 500 ## - NOTA GENERAL |
| Nota general |
Títol obtingut de la superfície del disc |
| 500 ## - NOTA GENERAL |
| Nota general |
Extres: Interviu amb Nick Read i Mark Franchetti. Escenes addicionals i tràiler |
| 500 ## - NOTA GENERAL |
| Nota general |
" Von den Produzenten von Man on Wire - Der Drahtseilakt und Searching for sugar man" -- Contenidor |
| 508 ## - NOTA DE CRÉDITOS DE CREACIÓN O PRODUCCIÓN |
| Nota de créditos de creación o producción |
Música: Smith & Elms |
| 520 3# - SUMARIO, ETC. |
| Sumario, etc. |
"Una mirada a las bambalinas de la prestigiosa compañía de ballet Bolshoi Theater de Moscú, un verdadero símbolo en Rusia. El documental se centra en el escándalo ocurrido en el año 2013, cuando el director artístico del Ballet, Sergei Filin, fue atacado con ácido por el bailarín Pavel Dmitrichenko, como represalia ante el supuesto tratamiento discriminatorio que Filin estaba dando a su novia, otra bailarina del Ballet. (FILMAFFINITY)" |
| 546 ## - NOTA DE LENGUA/LENGUAJE |
| Nota de lengua/lenguaje |
Versió original en alemany i rus. Subtítols: alemany i anglès |
| 610 2# - PUNTO DE ACCESO ADICIONAL DE MATERIA--NOMBRE DE ENTIDAD CORPORATIVA |
| Nombre de entidad corporativa o nombre de jurisdicción como elemento de entrada |
Bol'shoi teatr SSSR. Balet |
| 650 #0 - PUNTO DE ACCESO ADICIONAL DE MATERIA--TÉRMINO DE MATERIA |
| Término de materia o nombre geográfico como elemento de entrada |
Companyies de dansa clàssica |
| Subdivisión geográfica |
Rússia (RSFSR) |
| Subdivisión cronológica |
S. XXI |
| 9 (RLIN) |
167722 |
| 650 #7 - PUNTO DE ACCESO ADICIONAL DE MATERIA--TÉRMINO DE MATERIA |
| Término de materia o nombre geográfico como elemento de entrada |
Dansa clàssica |
| Subdivisión general |
Coreografies |
| 9 (RLIN) |
56589 |
| 650 #0 - PUNTO DE ACCESO ADICIONAL DE MATERIA--TÉRMINO DE MATERIA |
| Término de materia o nombre geográfico como elemento de entrada |
Dansa filmada |
| 9 (RLIN) |
166159 |
| 700 1# - ENTRADA AGREGADA--NOMBRE PERSONAL |
| Nombre de persona |
Read, Nick |
| Término indicativo de función/relación |
director cinematogràfic |
| 9 (RLIN) |
167723 |
| 700 1# - ENTRADA AGREGADA--NOMBRE PERSONAL |
| Nombre de persona |
Franchetti, Mark |
| Término indicativo de función/relación |
director cinematogràfic |
| 9 (RLIN) |
167724 |
| 710 ## - ENTRADA AGREGADA--NOMBRE DE ENTIDAD CORPORATIVA |
| Nombre de entidad corporativa o nombre de jurisdicción como elemento de entrada |
Bayerischer Rundfunk |
| 9 (RLIN) |
114348 |
| 710 2# - ENTRADA AGREGADA--NOMBRE DE ENTIDAD CORPORATIVA |
| Nombre de entidad corporativa o nombre de jurisdicción como elemento de entrada |
Mitteldeutscher Rundfunk |
| 9 (RLIN) |
167726 |
| 730 #2 - ENTRADA AGREGADA--TÍTULO UNIFORME |
| Título uniforme |
Bolshoi Babylon |
| 9 (RLIN) |
167725 |
| 908 ## - COLOCAR PARÁMETRO DE COMANDO (RLIN) |
| Colocar parámetro de comando |
CDMAE |
| 940 ## - EQUIVALENCIA O REFERENCIA-CRUZADA--TÍTULO UNIFORME [OBSOLETO] [solamente CAN/MARC] |
| Título uniforme |
<a href="CDMAE">CDMAE</a> |
| 942 ## - ELEMENTOS DE ENTRADA AGREGADA (KOHA) |
| Fuente del sistema de clasificación o colocación |
Clasificación decimal universal |
| Tipo de ítem Koha |
Vídeo |